00535nai a2200157Ia 4500003000900000008004100009022002200050022002300072040001600095245004100111260003400152310001200186362002600198521006900224856008400293IN-BaIIA211028c9999 xx s 000 0 eng d a0140-7791 (Print) a1365-3040 (Online) cIIA Library 0aPlant Cell & Environmenth[eJournal] aNew JerseybJohn Wiley & Sons aMonthly a20(1); 1997 - Present bSubscribed through National Knowledge Resource Consortium (NKRC) uhttps://onlinelibrary.wiley.com/journal/13653040yClick Here to Access eJournal